Business law: with UCC applications (Record no. 77914)

MARC details
000 -LEADER
fixed length control field 01374nam a2200241 a 4500
008 - FIXED-LENGTH DATA ELEMENTS--GENERAL INFORMATION
fixed length control field 070515s2001 ||||||||||||||||| || u
020 ## - INTERNATIONAL STANDARD BOOK NUMBER
International Standard Book Number 0078210372
050 ## - LIBRARY OF CONGRESS CALL NUMBER
Classification number KF 889.3 Bro
100 ## - MAIN ENTRY--PERSONAL NAME
Personal name Sukys, Paul A
245 10 - TITLE STATEMENT
Title Business law: with UCC applications
Statement of responsibility, etc. by Gordon Brown ;Paul A. Sukys
250 ## - EDITION STATEMENT
Edition statement 10th ed.
260 ## - PUBLICATION, DISTRIBUTION, ETC.
Place of publication, distribution, etc. New York
Name of publisher, distributor, etc. McGraw-Hill
Date of publication, distribution, etc. 2001
300 ## - PHYSICAL DESCRIPTION
Extent xii, 865p.: ill.
350 ## -
-- 0.00
650 ## - SUBJECT ADDED ENTRY--TOPICAL TERM
Topical term or geographic name entry element COMMERCIAL LAW--UNITED STATES
650 ## - SUBJECT ADDED ENTRY--TOPICAL TERM
Topical term or geographic name entry element LAW
700 ## - ADDED ENTRY--PERSONAL NAME
Personal name Brown, Gordon
995 ## -
-- ANNEX COLLECTION (Main Library)
-- 0.00
-- 737753
-- CBU-MAIN LIBRARY (Kitwe)
-- 1
-- 0.00
-- KF 889.3 Bro
-- 4
-- AVAILABLE
-- May 15, 2007
-- 54587
-- Annex Low-Usage Collection
995 ## -
-- ANNEX COLLECTION (Main Library)
-- 0.00
-- 737752
-- CBU-MAIN LIBRARY (Kitwe)
-- 1
-- 0.00
-- KF 889.3 Bro
-- 5
-- AVAILABLE
-- May 15, 2007
-- 54583
-- Annex Low-Usage Collection
995 ## -
-- MAIN LIBRARY OPEN ACCESS
-- 0.00
-- 737756
-- CBU-MAIN LIBRARY (Kitwe)
-- 1
-- 0.00
-- KF 889.3 Bro
-- 1
-- AVAILABLE
-- May 15, 2007
-- 54591
-- Main Library Open Access Collection
995 ## -
-- MAIN LIBRARY OPEN ACCESS
-- 0.00
-- 737755
-- CBU-MAIN LIBRARY (Kitwe)
-- 1
-- 0.00
-- KF 889.3 Bro
-- 2
-- AVAILABLE
-- May 15, 2007
-- 54585
-- Main Library Open Access Collection
995 ## -
-- ANNEX COLLECTION (Main Library)
-- 0.00
-- 737734
-- CBU-MAIN LIBRARY (Kitwe)
-- 1
-- 0.00
-- KF 889.3 Bro
-- 3
-- AVAILABLE
-- May 15, 2007
-- 54589
-- Annex Low-Usage Collection
999 ## -
-- 77914
-- 77914
Holdings
Withdrawn status Lost status Source of classification or shelving scheme Damaged status Not for loan Permanent Location Current Location Shelving location Date acquired Total Checkouts Full call number Barcode Date last seen Copy number Price effective from Koha item type Date last checked out
          CBU-MAIN LIBRARY, KITWE. CBU-MAIN LIBRARY, KITWE.   05/03/2023   KF 889.3 Bro 54587 05/03/2023 1 05/03/2023 MONOGRAPH  
          CBU-MAIN LIBRARY, KITWE. CBU-MAIN LIBRARY, KITWE.   05/03/2023   KF 889.3 Bro 54583 05/03/2023 2 05/03/2023 MONOGRAPH  
          CBU-MAIN LIBRARY, KITWE. CBU-MAIN LIBRARY, KITWE.   05/03/2023 1 KF 889.3 Bro 54591 02/11/2025 3 05/03/2023 MONOGRAPH 01/28/2025
          CBU-MAIN LIBRARY, KITWE. CBU-MAIN LIBRARY, KITWE.   05/03/2023 2 KF 889.3 Bro 54585 03/10/2025 4 05/03/2023 MONOGRAPH 02/20/2025
Withdrawn         CBU-MAIN LIBRARY, KITWE. CBU-MAIN LIBRARY, KITWE.   05/03/2023   KF 889.3 Bro 54589 05/03/2023 5 05/03/2023 MONOGRAPH